[Event "Turkish Club Cup 2019"]
[Site "Konya"]
[Date "2019.07.17"]
[Round "3"]
[White "Basaran, Alp"]
[Black "Gulsoy, Mustafa Alpago"]
[Result "0-1"]
[WhiteElo "1857"]
[BlackElo "2069"]
[Annotator "NA"]
[PlyCount "82"]
[EventDate "2019.07.16"]
[EventType "team-tourn"]
[EventCountry "TUR"]
[SourceTitle "playchess.com"]
[Source "ChessBase"]
[SourceQuality "1"]
[TimeControl "5400+30"]

1. e4 d6 2. d4 Nf6 3. Nc3 e5 4. Nf3 Nbd7 5. g4 Nxg4 6. Rg1 Ngf6 7. Bc4 h6 8. Be3 c6 9. a4 a5 10. Qd2 Qc7 11. O-O-O b6 {[%emt 0:42:30]} 12. d5 {[%emt 1:10:00]} Bb7 {[%emt 0:00:30]} 13. dxc6 {[%emt 0:00:30]} Bxc6 {[%emt 0:00:30]} 14. Bd5 {[%emt 0:00:30]} Bxd5 {[%emt 0:00:30]} 15. Nxd5 {[%emt 0:00:30]} Nxd5 {[%emt 0:00:30]} 16. Qxd5 {[%emt 0:00:30]} Rc8 {[%emt 0:00:30]} 17. Ne1 {[%emt 0:00:30]} Qc6 {[%emt 0:00:30]} 18. Qxc6 {[%emt 0:00:30]} Rxc6 {[%emt 0:00:30]} 19. b3 {[%emt 0:00:30]} g6 {[%emt 0:00:30]} 20. Nd3 {[%emt 0:01:30]} Bg7 {[%emt 0:02:30]} 21. Nb2 {[%emt 0:00:30]} Ke7 {[%emt 0:00:30]} 22. Nc4 {[%emt 0:00:30]} Rhc8 {[%emt 0:00:00]} 23. Na3 {[%emt 0:03:30]} Nf6 {[%emt 0:13:00]} 24. f3 {[%emt 0:00:30]} Rc3 {[%emt 0:00:30]} 25. Kd2 {[%emt 0:01:30]} d5 {[%emt 0:00:30]} 26. Bxb6 {[%emt 0:01:30]} dxe4 {[%emt 0:00:30]} 27. Bxa5 {[%emt 0:00:35]} Rxf3 {[%emt 0:00:30]} 28. Bb4+ {[%emt 0:00:25]} Ke6 {[%emt 0:00:30]} 29. Ke2 {[%emt 0:01:12]} Nd5 {[%emt 0:00:30]} 30. Rxd5 {[%emt 0:02:45]} Kxd5 {[%emt 0:00:30]} 31. Rd1+ {[%emt 0:00:30]} Ke6 {[%emt 0:00:00]} 32. Nc4 {[%emt 0:00:00]} Rh3 {[%emt 0:02:00]} 33. Rd6+ {[%emt 0:00:11]} Kf5 {[%emt 0:00:00]} 34. Ne3+ {[%emt 0:00:00]} Kg5 {[%emt 0:01:00]} 35. Bd2 {[%emt 0:01:49]} Rxh2+ {[%emt 0:00:30]} 36. Ke1 {[%emt 0:00:19]} Kh5 {[%emt 0:02:30]} 37. Rd7 {[%emt 0:00:22]} Bf6 {[%emt 0:00:00]} 38. Rxf7 {[%emt 0:02:16]} Bh4+ {[%emt 0:00:00]} 39. Kd1 {[%emt 0:00:00]} Rd8 {[%emt 0:00:30]} 40. Nf1 {[%emt 0:00:08]} Rhxd2+ {[%emt 0:00:00]} 41. Nxd2 {[%emt 0:00:30]} e3 {[%emt 0:00:00]} 0-1

[Event "Turkish Club Cup 2019"]
[Site "Konya"]
[Date "2019.07.17"]
[Round "3"]
[White "Yuksel, Davut Can"]
[Black "Atas, Yunus"]
[Result "0-1"]
[WhiteElo "1845"]
[BlackElo "1876"]
[Annotator "NA"]
[PlyCount "80"]
[EventDate "2019.07.16"]
[EventType "team-tourn"]
[EventCountry "TUR"]
[SourceTitle "playchess.com"]
[Source "ChessBase"]
[SourceQuality "1"]
[TimeControl "5400+30"]

1. d4 {[%emt 0:00:30]} Nf6 {[%emt 0:00:30]} 2. c4 {[%emt 0:00:00]} g6 {[%emt 0:00:00]} 3. Nf3 {[%emt 0:01:00]} Bg7 {[%emt 0:00:00]} 4. g3 {[%emt 0:00:30]} d6 {[%emt 0:01:30]} 5. Bg2 {[%emt 0:00:00]} Nc6 {[%emt 0:03:30]} 6. h3 {[%emt 0:01:00]} O-O {[%emt 0:00:30]} 7. O-O {[%emt 0:00:00]} e5 {[%emt 0:03:30]} 8. d5 {[%emt 0:02:00]} Nb8 {[%emt 0:01:30]} 9. Nc3 {[%emt 0:00:30]} Nbd7 {[%emt 0:00:00]} 10. e4 {[%emt 0:00:30]} Nc5 {[%emt 0:00:00]} 11. Ne1 {[%emt 0:04:30]} a5 {[%emt 0:00:30]} 12. Nd3 {[%emt 0:00:30]} Nfd7 {[%emt 0:00:30]} 13. Be3 {[%emt 0:04:30]} Nxd3 {[%emt 0:01:30]} 14. Qxd3 {[%emt 0:00:30]} f5 {[%emt 0:00:00]} 15. Qd2 {[%emt 0:06:30]} Nf6 {[%emt 0:03:00]} 16. Kh2 {[%emt 0:00:30]} b6 {[%emt 0:06:30]} 17. Rac1 {[%emt 0:05:30]} Rf7 {[%emt 0:00:30]} 18. b3 {[%emt 0:04:30]} Qf8 {[%emt 0:01:30]} 19. f3 {[%emt 0:05:30]} Nd7 {[%emt 0:08:30]} 20. Nb5 {[%emt 0:10:30]} f4 {[%emt 0:02:30]} 21. gxf4 {[%emt 0:01:30]} exf4 {[%emt 0:00:30]} 22. Bf2 {[%emt 0:00:30]} Ne5 {[%emt 0:00:30]} 23. Nd4 {[%emt 0:01:30]} Qe7 {[%emt 0:09:30]} 24. Ne6 {[%emt 0:07:30]} Bxe6 {[%emt 0:02:30]} 25. dxe6 {[%emt 0:02:30]} Qxe6 {[%emt 0:00:30]} 26. Qd5 {[%emt 0:01:30]} Re8 {[%emt 0:00:30]} 27. Qxe6 {[%emt 0:03:30]} Rxe6 {[%emt 0:02:30]} 28. Rcd1 {[%emt 0:01:30]} Re8 {[%emt 0:05:30]} 29. Bd4 {[%emt 0:02:30]} Nc6 {[%emt 0:01:30]} 30. Bxg7 {[%emt 0:00:30]} Kxg7 {[%emt 0:00:00]} 31. h4 {[%emt 0:00:30]} a4 {[%emt 0:04:00]} 32. Bh3 {[%emt 0:01:30]} Ne5 {[%emt 0:00:30]} 33. Ra1 {[%emt 0:06:30]} Kf6 {[%emt 0:02:30]} 34. Kg2 {[%emt 0:02:30]} Ra8 {[%emt 0:01:30]} 35. Kf2 {[%emt 0:02:30]} Rff8 {[%emt 0:01:30]} 36. Ke2 {[%emt 0:02:30]} Ra7 {[%emt 0:00:30]} 37. Rfc1 {[%emt 0:00:39]} axb3 {[%emt 0:00:30]} 38. axb3 {[%emt 0:00:30]} Rfa8 {[%emt 0:00:00]} 39. Rxa7 {[%emt 0:00:21]} Rxa7 {[%emt 0:03:00]} 40. Rc2 {[%emt 0:00:37]} Nc6 {[%emt 0:02:30]} 0-1

[Event "Turkish Club Cup 2019"]
[Site "Konya"]
[Date "2019.07.17"]
[Round "3"]
[White "Benk, Tolga Tugay"]
[Black "Vursan, Emre Can"]
[Result "0-1"]
[WhiteElo "1844"]
[BlackElo "1714"]
[Annotator "NA"]
[PlyCount "56"]
[EventDate "2019.07.16"]
[EventType "team-tourn"]
[EventCountry "TUR"]
[SourceTitle "playchess.com"]
[Source "ChessBase"]
[SourceQuality "1"]
[TimeControl "5400+30"]

1. d4 d5 2. c4 e5 3. dxe5 d4 4. Nf3 Nc6 5. g3 Bf5 6. Bg2 Nb4 7. Na3 d3 8. Nh4 Nc2+ 9. Nxc2 dxc2 10. Qxd8+ Rxd8 11. Bd2 Be6 12. Bxb7 Bc5 {[%emt 0:45:00]} 13. Nf3 {[%emt 1:07:30]} f6 {[%emt 0:00:30]} 14. Bc6+ {[%emt 0:00:30]} Ke7 {[%emt 0:00:30]} 15. Rc1 {[%emt 0:06:30]} fxe5 {[%emt 0:03:30]} 16. Rxc2 {[%emt 0:03:30]} Nf6 {[%emt 0:01:30]} 17. e3 {[%emt 0:04:07]} e4 {[%emt 0:01:30]} 18. Ng5 {[%emt 0:00:57]} Bg4 {[%emt 0:00:30]} 19. h4 {[%emt 0:09:22]} Rd6 {[%emt 0:03:30]} 20. Ba4 {[%emt 0:03:17]} Rhd8 {[%emt 0:01:30]} 21. a3 {[%emt 0:00:24]} h6 {[%emt 0:00:30]} 22. Nh3 {[%emt 0:01:05]} Bf3 {[%emt 0:00:30]} 23. Rg1 {[%emt 0:00:56]} a5 {[%emt 0:00:30]} 24. Nf4 {[%emt 0:00:43]} c6 {[%emt 0:02:30]} 25. b4 {[%emt 0:01:39]} Rxd2 {[%emt 0:00:30]} 26. Rxd2 {[%emt 0:00:30]} Bxb4 {[%emt 0:00:00]} 27. Kf1 {[%emt 0:01:46]} Rxd2 {[%emt 0:00:00]} 28. Nh3 {[%emt 0:00:42]} Ra2 {[%emt 0:00:30]} 0-1

[Event "Turkish Club Cup 2019"]
[Site "Konya"]
[Date "2019.07.17"]
[Round "3"]
[White "Unlu, Alp Bugra"]
[Black "Gokcek, Kursat Bugra"]
[Result "0-1"]
[WhiteElo "1832"]
[BlackElo "2150"]
[Annotator "NA"]
[PlyCount "76"]
[EventDate "2019.07.16"]
[EventType "team-tourn"]
[EventCountry "TUR"]
[SourceTitle "playchess.com"]
[Source "ChessBase"]
[SourceQuality "1"]
[TimeControl "5400+30"]

1. Nf3 Nf6 2. g3 g6 3. Bg2 Bg7 4. O-O O-O 5. d3 d5 6. Nbd2 c5 7. e4 e6 8. c3 Nc6 9. Re1 a5 10. a4 Kh8 11. Qc2 Bd7 12. Nf1 d4 13. Bf4 Qe7 14. Ne5 Nh5 15. Nxd7 Qxd7 {[%emt 0:49:30]} 16. Bc1 {[%emt 1:02:00]} Rad8 {[%emt 0:07:30]} 17. c4 {[%emt 0:00:30]} e5 {[%emt 0:02:30]} 18. Qe2 {[%emt 0:03:30]} Nb4 {[%emt 0:04:30]} 19. b3 {[%emt 0:13:30]} Nf6 {[%emt 0:00:30]} 20. h3 {[%emt 0:11:01]} Qc7 {[%emt 0:04:30]} 21. g4 {[%emt 0:01:29]} Ne8 {[%emt 0:04:30]} 22. Ng3 {[%emt 0:01:42]} Qe7 {[%emt 0:00:30]} 23. Kh2 {[%emt 0:05:18]} Nc7 {[%emt 0:00:30]} 24. f4 {[%emt 0:01:41]} exf4 {[%emt 0:00:30]} 25. Bxf4 {[%emt 0:00:30]} Ne6 {[%emt 0:00:30]} 26. Rf1 {[%emt 0:00:07]} Nxf4 {[%emt 0:05:30]} 27. Rxf4 {[%emt 0:00:07]} Be5 {[%emt 0:00:30]} 28. Rf3 {[%emt 0:00:26]} f5 {[%emt 0:01:30]} 29. gxf5 {[%emt 0:01:23]} Rxf5 {[%emt 0:00:30]} 30. Raf1 {[%emt 0:01:10]} Rdf8 {[%emt 0:06:12]} 31. Rxf5 {[%emt 0:00:27]} gxf5 {[%emt 0:00:57]} 32. Qh5 {[%emt 0:00:34]} Qg7 {[%emt 0:01:05]} 33. Qh4 {[%emt 0:00:31]} f4 {[%emt 0:01:42]} 34. Kh1 {[%emt 0:00:32]} fxg3 {[%emt 0:00:09]} 35. Rf5 {[%emt 0:00:30]} Nxd3 {[%emt 0:03:14]} 36. Qh5 {[%emt 0:00:25]} Rxf5 {[%emt 0:02:11]} 37. exf5 {[%emt 0:00:12]} Qe7 {[%emt 0:00:27]} 38. Bf3 {[%emt 0:00:54]} Bf6 {[%emt 0:00:34]} 0-1

[Event "Turkish Club Cup 2019"]
[Site "Konya"]
[Date "2019.07.17"]
[Round "3"]
[White "Gok, Emre"]
[Black "Sahinoglu, Hakan"]
[Result "1-0"]
[WhiteElo "1825"]
[BlackElo "1844"]
[Annotator "NA"]
[PlyCount "103"]
[EventDate "2019.07.16"]
[EventType "team-tourn"]
[EventCountry "TUR"]
[SourceTitle "playchess.com"]
[Source "ChessBase"]
[SourceQuality "1"]
[TimeControl "5400+30"]

1. e4 {[%emt 0:00:30]} c5 {[%emt 0:00:30]} 2. Nf3 {[%emt 0:00:00]} Nc6 {[%emt 0:00:30]} 3. d4 {[%emt 0:00:00]} cxd4 {[%emt 0:00:00]} 4. Nxd4 {[%emt 0:00:30]} Nf6 {[%emt 0:00:00]} 5. Nc3 {[%emt 0:00:30]} e5 {[%emt 0:00:00]} 6. Ndb5 {[%emt 0:00:00]} d6 {[%emt 0:00:00]} 7. Bg5 {[%emt 0:00:00]} a6 {[%emt 0:00:30]} 8. Na3 {[%emt 0:00:30]} b5 {[%emt 0:00:00]} 9. Nd5 {[%emt 0:00:00]} Be7 {[%emt 0:00:00]} 10. Bxf6 {[%emt 0:00:00]} Bxf6 {[%emt 0:00:30]} 11. c4 {[%emt 0:00:00]} b4 {[%emt 0:00:00]} 12. Nc2 {[%emt 0:00:00]} a5 {[%emt 0:00:00]} 13. g3 {[%emt 0:00:00]} O-O {[%emt 0:00:30]} 14. Bg2 {[%emt 0:00:00]} Be6 {[%emt 0:01:30]} 15. O-O {[%emt 0:00:30]} Rc8 {[%emt 0:00:30]} 16. b3 {[%emt 0:05:30]} Bxd5 {[%emt 0:03:30]} 17. Qxd5 {[%emt 0:03:30]} Nd4 {[%emt 0:00:30]} 18. Nxd4 {[%emt 0:00:30]} exd4 {[%emt 0:00:30]} 19. Qh5 {[%emt 0:05:30]} g6 {[%emt 0:04:30]} 20. Qd1 {[%emt 0:01:30]} Qb6 {[%emt 0:00:30]} 21. Qd3 {[%emt 0:00:30]} Bg7 {[%emt 0:02:30]} 22. f4 {[%emt 0:09:30]} Rfe8 {[%emt 0:02:30]} 23. Rae1 {[%emt 0:10:30]} Rc5 {[%emt 0:04:30]} 24. h3 {[%emt 0:02:30]} Qd8 {[%emt 0:02:30]} 25. Rf2 {[%emt 0:03:30]} Rc7 {[%emt 0:10:30]} 26. Rfe2 {[%emt 0:04:30]} Rce7 {[%emt 0:02:30]} 27. Bf3 {[%emt 0:08:30]} Qc7 {[%emt 0:04:30]} 28. Kh2 {[%emt 0:02:30]} h5 {[%emt 0:01:30]} 29. g4 {[%emt 0:04:30]} Bh6 {[%emt 0:02:30]} 30. g5 {[%emt 0:01:30]} Bg7 {[%emt 0:00:30]} 31. Kh1 {[%emt 0:01:30]} Qc8 {[%emt 0:08:30]} 32. Bg2 {[%emt 0:00:30]} Qc7 {[%emt 0:03:30]} 33. Rc1 {[%emt 0:03:30]} Qc5 {[%emt 0:02:30]} 34. Kh2 {[%emt 0:01:30]} Rd8 {[%emt 0:02:30]} 35. Rf2 {[%emt 0:00:30]} Ra7 {[%emt 0:03:30]} 36. Kh1 {[%emt 0:02:30]} a4 {[%emt 0:04:30]} 37. Rcf1 {[%emt 0:00:30]} axb3 {[%emt 0:04:30]} 38. axb3 {[%emt 0:00:30]} Qc7 {[%emt 0:00:30]} 39. e5 {[%emt 0:00:30]} dxe5 {[%emt 0:03:30]} 40. f5 {[%emt 0:00:30]} e4 {[%emt 0:12:09]} 41. Bxe4 {[%emt 0:00:30]} gxf5 {[%emt 0:00:30]} 42. Bd5 {[%emt 0:03:30]} f4 {[%emt 0:10:51]} 43. Rxf4 {[%emt 0:01:30]} Rxd5 {[%emt 0:03:17]} 44. cxd5 {[%emt 0:00:30]} Ra1 {[%emt 0:01:07]} 45. Rxa1 {[%emt 0:01:30]} Qxf4 {[%emt 0:00:04]} 46. Ra8+ {[%emt 0:00:30]} Bf8 {[%emt 0:00:06]} 47. g6 {[%emt 0:01:30]} Qc1+ {[%emt 0:02:11]} 48. Kh2 {[%emt 0:00:30]} Qf4+ {[%emt 0:01:13]} 49. Kg2 {[%emt 0:00:30]} Qg5+ {[%emt 0:00:11]} 50. Kf2 {[%emt 0:01:30]} Qxd5 {[%emt 0:00:22]} 51. gxf7+ {[%emt 0:01:30]} Qxf7+ {[%emt 0:00:09]} 52. Qf3 {[%emt 0:00:00]} 1-0

[Event "Turkish Club Cup 2019"]
[Site "Konya"]
[Date "2019.07.17"]
[Round "3"]
[White "Gonullu, Muhammed Sinan"]
[Black "Subasi, Cagrican"]
[Result "1/2-1/2"]
[WhiteElo "1823"]
[BlackElo "1871"]
[Annotator "NA"]
[PlyCount "64"]
[EventDate "2019.07.16"]
[EventType "team-tourn"]
[EventCountry "TUR"]
[SourceTitle "playchess.com"]
[Source "ChessBase"]
[SourceQuality "1"]
[TimeControl "5400+30"]

1. d4 e6 2. Nf3 Nf6 3. Bf4 c5 4. c3 Qb6 5. Qb3 Nc6 6. Qxb6 axb6 7. e3 d6 8. Nbd2 Nh5 9. Bg3 Nxg3 10. hxg3 d5 11. Ne5 Nxe5 12. dxe5 Bd7 13. e4 b5 14. Be2 g6 {[%emt 1:01:00]} 15. O-O {[%emt 0:49:30]} Bg7 {[%emt 0:00:30]} 16. f4 {[%emt 0:00:30]} O-O {[%emt 0:00:30]} 17. Bf3 {[%emt 0:02:30]} Bc6 {[%emt 0:00:30]} 18. exd5 {[%emt 0:00:30]} exd5 {[%emt 0:00:30]} 19. Nb3 {[%emt 0:00:30]} b6 {[%emt 0:00:30]} 20. Rfd1 {[%emt 0:00:30]} Rfd8 {[%emt 0:00:30]} 21. a3 {[%emt 0:11:30]} h5 {[%emt 0:00:30]} 22. Nc1 {[%emt 0:00:30]} f6 {[%emt 0:03:30]} 23. exf6 {[%emt 0:01:30]} Bxf6 {[%emt 0:02:30]} 24. Ne2 {[%emt 0:00:30]} Ra7 {[%emt 0:02:30]} 25. Rd2 {[%emt 0:05:30]} Kg7 {[%emt 0:09:30]} 26. Rad1 {[%emt 0:00:30]} Rad7 {[%emt 0:01:44]} 27. g4 {[%emt 0:09:30]} hxg4 {[%emt 0:02:32]} 28. Bxg4 {[%emt 0:00:00]} Re7 {[%emt 0:02:43]} 29. Bf3 {[%emt 0:01:00]} Rde8 {[%emt 0:04:22]} 30. Ng3 {[%emt 0:12:08]} Bh4 {[%emt 0:00:32]} 31. Nf1 {[%emt 0:00:51]} Bf6 {[%emt 0:05:22]} 32. Kf2 {[%emt 0:00:30]} b4 {[%emt 0:00:30]} 1/2-1/2

[Event "Turkish Club Cup 2019"]
[Site "Konya"]
[Date "2019.07.17"]
[Round "3"]
[White "Saridag, Omer Melih"]
[Black "Turk, Alp"]
[Result "1-0"]
[WhiteElo "1820"]
[BlackElo "1222"]
[Annotator "NA"]
[PlyCount "111"]
[EventDate "2019.07.16"]
[EventType "team-tourn"]
[EventCountry "TUR"]
[SourceTitle "playchess.com"]
[Source "ChessBase"]
[SourceQuality "1"]
[TimeControl "5400+30"]

1. d4 Nf6 2. Bg5 g6 3. Bxf6 exf6 4. e3 Bg7 5. g3 O-O 6. Bg2 d5 7. Ne2 c6 8. O-O Bf5 9. Nd2 Qc8 10. c4 Bh3 11. cxd5 Bxg2 12. Kxg2 cxd5 13. Rc1 Qd7 14. Qb3 Nc6 15. Rc5 Rfd8 16. Nf4 Ne7 17. Rfc1 g5 18. Rc7 Qd6 19. Nd3 Nc6 20. Qxb7 Na5 21. Qb5 Nc4 22. Rc6 Qd7 23. Nxc4 dxc4 24. Qxc4 {[%emt 0:52:00]} a5 {[%emt 1:00:00]} 25. Rc7 {[%emt 0:00:30]} Qd5+ {[%emt 0:02:30]} 26. Qxd5 {[%emt 0:00:30]} Rxd5 {[%emt 0:00:30]} 27. Rc8+ {[%emt 0:00:30]} Rxc8 {[%emt 0:00:30]} 28. Rxc8+ {[%emt 0:00:30]} Bf8 {[%emt 0:00:30]} 29. Nc5 {[%emt 0:00:30]} Kg7 {[%emt 0:00:30]} 30. Kf3 {[%emt 0:00:30]} f5 {[%emt 0:00:00]} 31. a3 {[%emt 0:00:30]} h5 {[%emt 0:00:00]} 32. b4 {[%emt 0:00:30]} axb4 {[%emt 0:00:30]} 33. axb4 {[%emt 0:00:30]} h4 {[%emt 0:00:30]} 34. gxh4 {[%emt 0:00:30]} gxh4 {[%emt 0:00:30]} 35. b5 {[%emt 0:00:30]} Bd6 {[%emt 0:00:00]} 36. Rd8 {[%emt 0:02:30]} Kf6 {[%emt 0:00:00]} 37. Nb7 {[%emt 0:00:30]} Ke7 {[%emt 0:00:30]} 38. Rxd6 {[%emt 0:00:30]} Rxd6 {[%emt 0:00:30]} 39. Nxd6 {[%emt 0:00:30]} Kxd6 {[%emt 0:00:30]} 40. Kf4 {[%emt 0:00:00]} Kc7 {[%emt 0:01:30]} 41. Kxf5 {[%emt 0:00:00]} Kb6 {[%emt 0:00:30]} 42. Kg4 {[%emt 0:00:30]} h3 {[%emt 0:00:00]} 43. Kxh3 {[%emt 0:00:30]} Kxb5 {[%emt 0:00:00]} 44. Kg4 {[%emt 0:00:30]} Kc6 {[%emt 0:00:30]} 45. h4 {[%emt 0:00:00]} Kd6 {[%emt 0:00:30]} 46. h5 {[%emt 0:00:00]} Ke7 {[%emt 0:00:30]} 47. Kg5 {[%emt 0:00:00]} Kf8 {[%emt 0:00:00]} 48. Kf6 {[%emt 0:00:00]} Kg8 {[%emt 0:00:00]} 49. d5 {[%emt 0:00:30]} Kf8 {[%emt 0:00:30]} 50. h6 {[%emt 0:00:30]} Kg8 {[%emt 0:00:30]} 51. d6 {[%emt 0:00:00]} Kh7 {[%emt 0:00:00]} 52. d7 {[%emt 0:00:00]} Kxh6 {[%emt 0:00:00]} 53. d8=Q {[%emt 0:00:00]} Kh5 {[%emt 0:00:00]} 54. Qg8 {[%emt 0:00:00]} Kh4 {[%emt 0:00:00]} 55. Qg3+ {[%emt 0:00:00]} Kh5 {[%emt 0:00:00]} 56. Qh3# {[%emt 0:01:00]} 1-0

[Event "Turkish Club Cup 2019"]
[Site "Konya"]
[Date "2019.07.17"]
[Round "3"]
[White "Aslan, Dogukan"]
[Black "Soylemez, Baris"]
[Result "1/2-1/2"]
[WhiteElo "1806"]
[BlackElo "1633"]
[Annotator "NA"]
[PlyCount "50"]
[EventDate "2019.07.16"]
[EventType "team-tourn"]
[EventCountry "TUR"]
[SourceTitle "playchess.com"]
[Source "ChessBase"]
[SourceQuality "1"]
[TimeControl "5400+30"]

1. d4 {[%emt 0:00:30]} Nf6 {[%emt 0:00:30]} 2. c4 {[%emt 0:00:30]} e6 {[%emt 0:00:00]} 3. Nf3 {[%emt 0:00:00]} d5 {[%emt 0:00:00]} 4. g3 {[%emt 0:00:00]} c6 {[%emt 0:00:00]} 5. Nbd2 {[%emt 0:00:00]} Bd6 {[%emt 0:05:00]} 6. Bg2 {[%emt 0:00:00]} Nbd7 {[%emt 0:00:00]} 7. O-O {[%emt 0:00:30]} O-O {[%emt 0:00:00]} 8. Qc2 {[%emt 0:00:00]} b6 {[%emt 0:00:30]} 9. e4 {[%emt 0:00:00]} dxe4 {[%emt 0:03:30]} 10. Nxe4 {[%emt 0:00:00]} Nxe4 {[%emt 0:01:30]} 11. Qxe4 {[%emt 0:00:00]} Bb7 {[%emt 0:00:30]} 12. Rd1 {[%emt 0:00:30]} Nf6 {[%emt 0:00:30]} 13. Qe2 {[%emt 0:00:30]} Qe7 {[%emt 0:04:30]} 14. b3 {[%emt 0:01:30]} c5 {[%emt 0:05:30]} 15. Bb2 {[%emt 0:01:30]} Rfd8 {[%emt 0:01:30]} 16. dxc5 {[%emt 0:05:30]} Bxc5 {[%emt 0:00:30]} 17. Ne5 {[%emt 0:01:30]} Bxg2 {[%emt 0:00:30]} 18. Kxg2 {[%emt 0:00:00]} Qb7+ {[%emt 0:03:30]} 19. Qf3 {[%emt 0:00:00]} Qxf3+ {[%emt 0:00:30]} 20. Kxf3 {[%emt 0:00:00]} Rac8 {[%emt 0:03:30]} 21. Rac1 {[%emt 0:01:00]} Kf8 {[%emt 0:04:30]} 22. a3 {[%emt 0:07:30]} Kg8 {[%emt 0:00:30]} 23. Rb1 {[%emt 0:00:30]} Kf8 {[%emt 0:00:30]} 24. Rbc1 {[%emt 0:00:00]} Kg8 {[%emt 0:00:30]} 25. Rb1 {[%emt 0:00:00]} Kf8 {[%emt 0:00:00]} 1/2-1/2

[Event "Turkish Club Cup 2019"]
[Site "Konya"]
[Date "2019.07.17"]
[Round "3"]
[White "Gundogan, Sinem Cagla"]
[Black "Dogan, Sibel"]
[Result "1-0"]
[WhiteElo "1806"]
[BlackElo "1596"]
[Annotator "NA"]
[PlyCount "101"]
[EventDate "2019.07.16"]
[EventType "team-tourn"]
[EventCountry "TUR"]
[SourceTitle "playchess.com"]
[Source "ChessBase"]
[SourceQuality "1"]
[TimeControl "5400+30"]

1. e4 c5 2. Nc3 d6 3. g3 Nc6 4. Bg2 g6 5. d3 Bg7 6. Be3 e5 7. Qd2 Nge7 8. Bh6 O-O 9. h4 Kh8 10. Bxg7+ Kxg7 11. h5 Ng8 12. hxg6 fxg6 13. Nd5 Nce7 14. O-O-O b5 15. Nh3 b4 16. Kb1 a5 17. f4 Nxd5 18. exd5 Bxh3 {[%emt 1:01:00]} 19. Rxh3 {[%emt 0:50:30]} exf4 {[%emt 0:00:30]} 20. gxf4 {[%emt 0:01:30]} Qf6 {[%emt 0:01:30]} 21. Rf1 {[%emt 0:26:30]} Qf5 {[%emt 0:16:30]} 22. Rfh1 {[%emt 0:06:41]} h6 {[%emt 0:01:30]} 23. Rh4 {[%emt 0:00:13]} Rf6 {[%emt 0:12:47]} 24. Bh3 {[%emt 0:00:39]} Qxd5 {[%emt 0:02:36]} 25. Bg2 {[%emt 0:00:06]} Qe6 {[%emt 0:00:24]} 26. Bxa8 {[%emt 0:00:13]} d5 {[%emt 0:00:42]} 27. Qe1 {[%emt 0:02:05]} Qd6 {[%emt 0:01:20]} 28. Qe5 {[%emt 0:00:07]} Qxe5 {[%emt 0:03:57]} 29. fxe5 {[%emt 0:00:30]} Re6 {[%emt 0:00:00]} 30. Bxd5 {[%emt 0:00:14]} Rxe5 {[%emt 0:00:10]} 31. Bxg8 {[%emt 0:00:30]} Kxg8 {[%emt 0:00:00]} 32. Rxh6 {[%emt 0:00:00]} Kg7 {[%emt 0:00:00]} 33. Rh7+ {[%emt 0:00:15]} Kf6 {[%emt 0:00:10]} 34. b3 {[%emt 0:00:00]} g5 {[%emt 0:00:37]} 35. Ra7 {[%emt 0:00:40]} g4 {[%emt 0:00:58]} 36. Rg1 {[%emt 0:00:24]} Rg5 {[%emt 0:00:46]} 37. Rxa5 {[%emt 0:00:08]} g3 {[%emt 0:00:06]} 38. d4 {[%emt 0:00:17]} Kg6 {[%emt 0:01:07]} 39. Rxc5 {[%emt 0:00:30]} Rg4 {[%emt 0:00:00]} 40. Rg2 {[%emt 0:00:15]} Rxd4 {[%emt 0:00:00]} 41. Rxg3+ {[%emt 0:00:00]} Kf6 {[%emt 0:00:22]} 42. Rc4 {[%emt 0:00:00]} Rd1+ {[%emt 0:00:22]} 43. Kb2 {[%emt 0:00:13]} Ke6 {[%emt 0:00:30]} 44. Rxb4 {[%emt 0:00:00]} Re1 {[%emt 0:00:00]} 45. Rd3 {[%emt 0:00:16]} Re5 {[%emt 0:00:04]} 46. a4 {[%emt 0:00:14]} Ra5 {[%emt 0:00:18]} 47. Rb5 {[%emt 0:00:30]} Ra8 {[%emt 0:00:30]} 48. c4 {[%emt 0:00:00]} Ke7 {[%emt 0:00:00]} 49. c5 {[%emt 0:00:00]} Rc8 {[%emt 0:00:00]} 50. a5 {[%emt 0:00:00]} Ke6 {[%emt 0:00:00]} 51. a6 {[%emt 0:00:00]} 1-0

[Event "Turkish Club Cup 2019"]
[Site "Konya"]
[Date "2019.07.17"]
[Round "3"]
[White "Bozyaka, Altug"]
[Black "Guder, Eyup Sabri"]
[Result "0-1"]
[WhiteElo "1798"]
[BlackElo "1909"]
[Annotator "NA"]
[PlyCount "66"]
[EventDate "2019.07.16"]
[EventType "team-tourn"]
[EventCountry "TUR"]
[SourceTitle "playchess.com"]
[Source "ChessBase"]
[SourceQuality "1"]
[TimeControl "5400+30"]

1. d4 d5 2. Nf3 Nf6 3. e3 Bg4 4. Nbd2 Nbd7 5. h3 Bh5 6. g4 Bg6 7. Nh4 e6 8. Nxg6 hxg6 9. Bg2 Bd6 10. c4 c6 11. c5 Bc7 12. f4 b6 13. Qa4 bxc5 14. dxc5 Nxg4 15. hxg4 Rxh1+ 16. Bxh1 Qh4+ 17. Kd1 Qxh1+ 18. Kc2 Rc8 19. b4 {[%emt 1:20:04]} Qg1 {[%emt 0:31:30]} 20. Nb3 {[%emt 0:03:44]} Qxg4 {[%emt 0:04:30]} 21. Qxc6 {[%emt 0:04:30]} Qe2+ {[%emt 0:05:30]} 22. Bd2 {[%emt 0:01:05]} Qc4+ {[%emt 0:00:00]} 23. Kb2 {[%emt 0:01:21]} Be5+ {[%emt 0:01:00]} 24. fxe5 {[%emt 0:00:47]} Rxc6 {[%emt 0:00:00]} 25. Na5 {[%emt 0:01:15]} Qd3 {[%emt 0:00:00]} 26. Nxc6 {[%emt 0:00:55]} Qxd2+ {[%emt 0:00:30]} 27. Kb3 {[%emt 0:00:34]} Nxe5 {[%emt 0:01:30]} 28. Nxa7 {[%emt 0:04:57]} Qd3+ {[%emt 0:00:30]} 29. Ka4 {[%emt 0:00:23]} Qa6+ {[%emt 0:00:00]} 30. Kb3 {[%emt 0:00:34]} Qc4+ {[%emt 0:01:00]} 31. Ka4 {[%emt 0:01:39]} Nd3 {[%emt 0:00:30]} 32. Nc6 {[%emt 0:01:39]} Nxc5+ {[%emt 0:00:30]} 33. Ka3 {[%emt 0:00:00]} Qc3# {[%emt 0:00:00]} 0-1

[Event "Turkish Club Cup 2019"]
[Site "Konya"]
[Date "2019.07.17"]
[Round "3"]
[White "Kacangar, Mehmed"]
[Black "Emir, Emirhan"]
[Result "0-1"]
[WhiteElo "1785"]
[BlackElo "1904"]
[Annotator "NA"]
[PlyCount "66"]
[EventDate "2019.07.16"]
[EventType "team-tourn"]
[EventCountry "TUR"]
[SourceTitle "playchess.com"]
[Source "ChessBase"]
[SourceQuality "1"]
[TimeControl "5400+30"]

1. b3 e5 2. Bb2 d6 3. e3 g6 4. d4 Nd7 5. Nf3 Bg7 6. Nbd2 Qe7 7. d5 Ngf6 8. e4 O-O 9. Qe2 a5 10. a4 c6 11. c4 Nc5 12. Rb1 cxd5 13. cxd5 Nfxe4 14. Nxe4 Nxe4 15. Qe3 Nc5 16. Bb5 f5 17. Ba3 f4 18. Qe2 Bf5 19. Rd1 Rac8 20. Nd4 Qg5 {[%emt 0:23:00]} 21. Nxf5 {[%emt 1:27:52]} gxf5 {[%emt 0:00:30]} 22. O-O {[%emt 0:05:50]} Ne4 {[%emt 0:04:30]} 23. Bb2 {[%emt 0:04:51]} Nc3 {[%emt 0:02:30]} 24. Bxc3 {[%emt 0:02:01]} Rxc3 {[%emt 0:00:30]} 25. f3 {[%emt 0:00:30]} Rfc8 {[%emt 0:00:30]} 26. Bc4 {[%emt 0:00:30]} Re8 {[%emt 0:00:30]} 27. Qf2 {[%emt 0:00:30]} e4 {[%emt 0:00:30]} 28. fxe4 {[%emt 0:00:30]} Rxe4 {[%emt 0:00:30]} 29. Kh1 {[%emt 0:00:30]} Be5 {[%emt 0:00:30]} 30. Be2 {[%emt 0:00:30]} Rc2 {[%emt 0:00:30]} 31. Rde1 {[%emt 0:00:30]} Bc3 {[%emt 0:00:30]} 32. Qf3 {[%emt 0:00:30]} Bxe1 {[%emt 0:00:30]} 33. Rxe1 {[%emt 0:00:30]} Qe7 {[%emt 0:00:30]} 0-1